000 00423nam a2200133Ia 4500
003 GCL
008 140319s9999 xx 000 0 ara d
040 _aGCL /
_cGCL
082 0 4 _a953.0716
_bى غ
245 1 0 _aغرناطة فى ظل بنى الاحمر: دراسة حضارية
260 _a[S.N] :
_bالمؤسسة الجامعية للدراسات والنشر والتوزيع ،
_c1982
300 _a254 ص
490 _a
999 _c53454
_d53454